| 000 | 00716nam a2200193 a 4500 | ||
|---|---|---|---|
| 003 | 0 | ||
| 005 | 20250411111538.0 | ||
| 008 | 060802s19uu xx 00 eng d | ||
| 050 |
_aPHS S 589.75 _b.S58 2006 |
||
| 100 | _aShun, Ian Paul. | ||
| 245 |
_aEffects of chitosan and its derivatives from shrimp and crab shell extracts on the growth and germination of mongo seeds / _cIan Paul Shun. |
||
| 260 |
_aLas PiƱas City, Philippines : _bSouthville International School and Colleges, _c2006. |
||
| 300 |
_a22 pages ; _c28 cm. |
||
| 504 | _aIncludes bibliographical references. | ||
| 650 |
_aChitosan _vPhysiological effect. |
||
| 650 | _aSeed germination. | ||
| 650 | _aPlant growth regulators. | ||
| 942 |
_2lcc _cPASS |
||
| 999 |
_c97666 _d97666 |
||